| 000 | 003390000a22001450004500 | ||
|---|---|---|---|
| 001 | 005480 | ||
| 003 | MACL | ||
| 040 | _aMACL | ||
| 090 |
_c17473 _d17472 |
||
| 245 |
_aRehnuma e Sanchi/Aasar e Sanchi _bArshad Thanvi |
||
| 260 |
_aGovt.of India CT Branch Calcutta, _c1926 |
||
| 350 | _a3.90 | ||
| 650 | _aUrdu Literature | ||
| 942 |
_k891 _cBook |
||
| 999 |
_c17362 _d17362 |
||